| 000 | 01541nam0a2200361 i 4500 | ||
|---|---|---|---|
| 001 | RU\NLR\bibl\1907942 | ||
| 005 | 20240921111607.0 | ||
| 010 |
_a9785494000408 _92000 |
||
| 021 |
_aRU _b2012-29718 _92206 |
||
| 035 | _a(nilc)RSL-KNO-005429927 | ||
| 035 | _a(NLR Aleph) 001897502 | ||
| 090 |
_a3003365 _c3003365 |
||
| 100 | _a20120502d2012 u y0rusy50 ca | ||
| 101 | 0 | _arus | |
| 102 | _aRU | ||
| 105 | _ay ||||||||| | ||
| 200 | 1 |
_aАттестация педагогов _eучебно-методический комплект "Перспективная начальная школа" _f[Соломатин А. М., Чуракова Р. Г.] |
|
| 210 |
_aМосква _cАкадемкнига/Учебник _d2012 |
||
| 215 |
_a167, [1] с. _d20 |
||
| 225 | 1 |
_aБиблиотека руководителя и методиста _eвведение ФГОС |
|
| 225 | 1 | _aПерспективная начальная школа | |
| 320 | _aБиблиогр.: с. 155-156 (17 назв.) и в прил. в конце кн. | ||
| 606 | 1 |
_aУчителя начальной школы _jУчебно-методические пособия _xАттестация _91644487 _3RU\NLR\auth\661025771 |
|
| 686 |
_aЧ424(2)п2,0 _2rubbk |
||
| 686 | _aЧ42п2я7 | ||
| 686 | _aЧ421.421,01я7 | ||
| 702 | 1 |
_aСоломатин _bА. М. _4220 |
|
| 801 | 0 |
_aRU _bRuMoRKP _c20120502 _grcr |
|
| 801 | 1 |
_aRU _bРГБ _c20120502 |
|
| 801 | 2 |
_aRU _bNLR _c20120530 _grcr |
|
| 942 | _cBOOK | ||
| 980 | _aNBR | ||